<?xml version="1.0" encoding="UTF-8"?>
<record
    xmlns:xsi="http://www.w3.org/2001/XMLSchema-instance"
    xsi:schemaLocation="http://www.loc.gov/MARC21/slim http://www.loc.gov/standards/marcxml/schema/MARC21slim.xsd"
    xmlns="http://www.loc.gov/MARC21/slim">

  <leader>02888nam0a22003851  4500</leader>
  <controlfield tag="001">rc\293438</controlfield>
  <controlfield tag="005">20250621022825.0</controlfield>
  <datafield tag="010" ind1=" " ind2=" ">
    <subfield code="a">5-235-01582-7</subfield>
    <subfield code="9">150000</subfield>
  </datafield>
  <datafield tag="035" ind1=" " ind2=" ">
    <subfield code="a">(NLR Aleph) 005524399</subfield>
  </datafield>
  <datafield tag="090" ind1=" " ind2=" ">
    <subfield code="a">5542419</subfield>
    <subfield code="c">5542419</subfield>
  </datafield>
  <datafield tag="100" ind1=" " ind2=" ">
    <subfield code="a">20030307d1990    |||y0rusy50      ca</subfield>
  </datafield>
  <datafield tag="101" ind1="0" ind2=" ">
    <subfield code="a">rus</subfield>
  </datafield>
  <datafield tag="102" ind1=" " ind2=" ">
    <subfield code="a">RU</subfield>
  </datafield>
  <datafield tag="105" ind1=" " ind2=" ">
    <subfield code="a">y   |||||||||</subfield>
  </datafield>
  <datafield tag="200" ind1="1" ind2=" ">
    <subfield code="a">&#x418;&#x441;&#x442;&#x440;&#x435;&#x431;&#x438;&#x442;&#x435;&#x43B;&#x44C; &#x432;&#x435;&#x434;&#x44C;&#x43C;</subfield>
    <subfield code="e">&#x41F;&#x43E;&#x43B;&#x44C;&#x441;&#x43A;&#x430;&#x44F; &#x444;&#x430;&#x43D;&#x442;&#x430;&#x441;&#x442;.</subfield>
    <subfield code="e">[&#x41F;&#x435;&#x440;&#x435;&#x432;&#x43E;&#x434;</subfield>
    <subfield code="f">&#x421;&#x43E;&#x441;&#x442;. &#x410;.&#x41D;. &#x41A;&#x430;&#x448;&#x438;&#x440;&#x438;&#x43D;]</subfield>
  </datafield>
  <datafield tag="210" ind1=" " ind2=" ">
    <subfield code="a">&#x41C;.</subfield>
    <subfield code="c">&#x41C;&#x43E;&#x43B;. &#x433;&#x432;&#x430;&#x440;&#x434;&#x438;&#x44F;</subfield>
    <subfield code="d">1990</subfield>
  </datafield>
  <datafield tag="215" ind1=" " ind2=" ">
    <subfield code="a">350, [1] &#x441;.</subfield>
    <subfield code="d">20</subfield>
  </datafield>
  <datafield tag="320" ind1=" " ind2=" ">
    <subfield code="a">&#x41F;&#x438;&#x441;&#x430;&#x442;&#x435;&#x43B;&#x438; &#x438; &#x43A;&#x440;&#x438;&#x442;&#x438;&#x43A;&#x438; &#x43D;&#x430;&#x443;&#x447;. &#x444;&#x430;&#x43D;&#x442;&#x430;&#x441;&#x442;. &#x432; &#x41F;&#x43E;&#x43B;&#x44C;&#x441;&#x43A;&#x43E;&#x439; &#x420;&#x435;&#x441;&#x43F;.: &#x41C;&#x430;&#x442;&#x435;&#x440;&#x438;&#x430;&#x43B;&#x44B; &#x438; &#x431;&#x438;&#x431;&#x43B;&#x438;&#x43E;&#x433;&#x440;. / &#x421;&#x43E;&#x441;&#x442;. &#x412;. &#x410;&#x43D;&#x438;&#x43A;&#x435;&#x435;&#x432;: &#x441;. 317-351</subfield>
  </datafield>
  <datafield tag="327" ind1="1" ind2=" ">
    <subfield code="a">&#x421;&#x43E;&#x434;&#x435;&#x440;&#x436;.: R.I.P. / &#x413;. &#x411;&#x430;&#x431;&#x443;&#x43B;&#x430;. &#x414;&#x438;&#x430;&#x43B;&#x43E;&#x433; &#x447;&#x435;&#x440;&#x435;&#x437; &#x440;&#x435;&#x43A;&#x443; / &#x42D;. &#x412;&#x43D;&#x443;&#x43A;-&#x41B;&#x438;&#x43F;&#x438;&#x43D;&#x44C;&#x441;&#x43A;&#x438;&#x439;. &#x410;&#x432;&#x442;&#x43E;&#x440;&#x441;&#x43A;&#x438;&#x439; &#x432;&#x430;&#x440;&#x438;&#x430;&#x43D;&#x442; / &#x41C;. &#x412;&#x43E;&#x43B;&#x44C;&#x441;&#x43A;&#x438;&#x439;. &#x41D;&#x430;&#x438;&#x432;&#x430;&#x436;&#x43D;&#x435;&#x439;&#x448;&#x438;&#x439; &#x434;&#x435;&#x43D;&#x44C; 111394 &#x433;&#x43E;&#x434;&#x430; / &#x42D;. &#x414;&#x435;&#x43C;&#x431;&#x441;&#x43A;&#x438;&#x439;. &#x413;&#x43E;&#x43D;&#x435;&#x446; / &#x410;. &#x414;&#x436;&#x435;&#x432;&#x438;&#x43D;&#x44C;&#x441;&#x43A;&#x438;&#x439;. &#x41F;&#x435;&#x441;&#x43D;&#x44C; &#x43D;&#x430; &#x43A;&#x43E;&#x440;&#x43E;&#x43D;&#x430;&#x446;&#x438;&#x438; / &#x420;.&#x410;. &#x417;&#x435;&#x43C;&#x43A;&#x435;&#x432;&#x438;&#x447;. &#x41F;&#x438;&#x441;&#x44C;&#x43C;&#x43E; &#x438;&#x437; &#x434;&#x44E;&#x43D;&#x44B; / &#x410;. &#x417;&#x438;&#x43C;&#x43D;&#x44F;&#x43A;. &#x418;&#x441;&#x442;&#x440;&#x435;&#x431;&#x438;&#x442;&#x435;&#x43B;&#x44C; &#x432;&#x435;&#x434;&#x44C;&#x43C; / &#x41A;. &#x41A;&#x43E;&#x445;&#x430;&#x43D;&#x44C;&#x441;&#x43A;&#x438;&#x439;. &#x422;&#x430;&#x43A; &#x431;&#x44B;&#x432;&#x430;&#x435;&#x442; &#x43A;&#x430;&#x436;&#x434;&#x44B;&#x439; &#x434;&#x435;&#x43D;&#x44C;; &#x41A;&#x43E;&#x43B;&#x43E;&#x434;&#x435;&#x446; / &#x41C;. &#x41F;&#x430;&#x440;&#x43E;&#x432;&#x441;&#x43A;&#x438;&#x439;, &#x438; &#x43F;&#x440;&#x43E;&#x438;&#x437;&#x432;&#x435;&#x434;&#x435;&#x43D;&#x438;&#x44F; &#x434;&#x440;. &#x430;&#x432;&#x442;.</subfield>
  </datafield>
  <datafield tag="464" ind1=" " ind2="0">
    <subfield code="1">2001#$aR.I.P.</subfield>
    <subfield code="1">700#1$a&#x411;&#x430;&#x431;&#x443;&#x43B;&#x430;$b&#x413;.</subfield>
    <subfield code="t">R.I.P.</subfield>
    <subfield code="a">&#x411;&#x430;&#x431;&#x443;&#x43B;&#x430;, &#x413;.</subfield>
  </datafield>
  <datafield tag="464" ind1=" " ind2="0">
    <subfield code="1">2001#$a&#x414;&#x438;&#x430;&#x43B;&#x43E;&#x433; &#x447;&#x435;&#x440;&#x435;&#x437; &#x440;&#x435;&#x43A;&#x443;</subfield>
    <subfield code="1">700#1$a&#x412;&#x43D;&#x443;&#x43A;-&#x41B;&#x438;&#x43F;&#x438;&#x43D;&#x44C;&#x441;&#x43A;&#x438;&#x439;$b&#x42D;.</subfield>
    <subfield code="t">&#x414;&#x438;&#x430;&#x43B;&#x43E;&#x433; &#x447;&#x435;&#x440;&#x435;&#x437; &#x440;&#x435;&#x43A;&#x443;</subfield>
    <subfield code="a">&#x412;&#x43D;&#x443;&#x43A;-&#x41B;&#x438;&#x43F;&#x438;&#x43D;&#x44C;&#x441;&#x43A;&#x438;&#x439;, &#x42D;.</subfield>
  </datafield>
  <datafield tag="464" ind1=" " ind2="0">
    <subfield code="1">2001#$a&#x410;&#x432;&#x442;&#x43E;&#x440;&#x441;&#x43A;&#x438;&#x439; &#x432;&#x430;&#x440;&#x438;&#x430;&#x43D;&#x442;</subfield>
    <subfield code="1">700#1$a&#x412;&#x43E;&#x43B;&#x44C;&#x441;&#x43A;&#x438;&#x439;$b&#x41C;.</subfield>
    <subfield code="t">&#x410;&#x432;&#x442;&#x43E;&#x440;&#x441;&#x43A;&#x438;&#x439; &#x432;&#x430;&#x440;&#x438;&#x430;&#x43D;&#x442;</subfield>
    <subfield code="a">&#x412;&#x43E;&#x43B;&#x44C;&#x441;&#x43A;&#x438;&#x439;, &#x41C;.</subfield>
  </datafield>
  <datafield tag="464" ind1=" " ind2="0">
    <subfield code="1">2001#$a&#x41D;&#x430;&#x438;&#x432;&#x430;&#x436;&#x43D;&#x435;&#x439;&#x448;&#x438;&#x439; &#x434;&#x435;&#x43D;&#x44C; 111394 &#x433;&#x43E;&#x434;&#x430;</subfield>
    <subfield code="1">700#1$a&#x414;&#x435;&#x43C;&#x431;&#x441;&#x43A;&#x438;&#x439;$b&#x42D;.</subfield>
    <subfield code="t">&#x41D;&#x430;&#x438;&#x432;&#x430;&#x436;&#x43D;&#x435;&#x439;&#x448;&#x438;&#x439; &#x434;&#x435;&#x43D;&#x44C; 111394 &#x433;&#x43E;&#x434;&#x430;</subfield>
    <subfield code="a">&#x414;&#x435;&#x43C;&#x431;&#x441;&#x43A;&#x438;&#x439;, &#x42D;.</subfield>
  </datafield>
  <datafield tag="464" ind1=" " ind2="0">
    <subfield code="1">2001#$a&#x413;&#x43E;&#x43D;&#x435;&#x446;</subfield>
    <subfield code="1">700#1$a&#x414;&#x436;&#x435;&#x432;&#x438;&#x43D;&#x44C;&#x441;&#x43A;&#x438;&#x439;$b&#x410;.</subfield>
    <subfield code="t">&#x413;&#x43E;&#x43D;&#x435;&#x446;</subfield>
    <subfield code="a">&#x414;&#x436;&#x435;&#x432;&#x438;&#x43D;&#x44C;&#x441;&#x43A;&#x438;&#x439;, &#x410;.</subfield>
  </datafield>
  <datafield tag="464" ind1=" " ind2="0">
    <subfield code="1">2001#$a&#x41F;&#x435;&#x441;&#x43D;&#x44C; &#x43D;&#x430; &#x43A;&#x43E;&#x440;&#x43E;&#x43D;&#x430;&#x446;&#x438;&#x438;</subfield>
    <subfield code="1">700#1$a&#x417;&#x435;&#x43C;&#x43A;&#x435;&#x432;&#x438;&#x447;$b&#x420;.&#x410;.</subfield>
    <subfield code="t">&#x41F;&#x435;&#x441;&#x43D;&#x44C; &#x43D;&#x430; &#x43A;&#x43E;&#x440;&#x43E;&#x43D;&#x430;&#x446;&#x438;&#x438;</subfield>
    <subfield code="a">&#x417;&#x435;&#x43C;&#x43A;&#x435;&#x432;&#x438;&#x447;, &#x420;.&#x410;.</subfield>
  </datafield>
  <datafield tag="464" ind1=" " ind2="0">
    <subfield code="1">2001#$a&#x41F;&#x438;&#x441;&#x44C;&#x43C;&#x43E; &#x438;&#x437; &#x434;&#x44E;&#x43D;&#x44B;</subfield>
    <subfield code="1">700#1$a&#x417;&#x438;&#x43C;&#x43D;&#x44F;&#x43A;$b&#x410;.</subfield>
    <subfield code="t">&#x41F;&#x438;&#x441;&#x44C;&#x43C;&#x43E; &#x438;&#x437; &#x434;&#x44E;&#x43D;&#x44B;</subfield>
    <subfield code="a">&#x417;&#x438;&#x43C;&#x43D;&#x44F;&#x43A;, &#x410;.</subfield>
  </datafield>
  <datafield tag="464" ind1=" " ind2="0">
    <subfield code="1">2001#$a&#x418;&#x441;&#x442;&#x440;&#x435;&#x431;&#x438;&#x442;&#x435;&#x43B;&#x44C; &#x432;&#x435;&#x434;&#x44C;&#x43C;</subfield>
    <subfield code="1">700#1$a&#x41A;&#x43E;&#x445;&#x430;&#x43D;&#x44C;&#x441;&#x43A;&#x438;&#x439;$b&#x41A;.</subfield>
    <subfield code="t">&#x418;&#x441;&#x442;&#x440;&#x435;&#x431;&#x438;&#x442;&#x435;&#x43B;&#x44C; &#x432;&#x435;&#x434;&#x44C;&#x43C;</subfield>
    <subfield code="a">&#x41A;&#x43E;&#x445;&#x430;&#x43D;&#x44C;&#x441;&#x43A;&#x438;&#x439;, &#x41A;.</subfield>
  </datafield>
  <datafield tag="464" ind1=" " ind2="0">
    <subfield code="1">2001#$a&#x422;&#x430;&#x43A; &#x431;&#x44B;&#x432;&#x430;&#x435;&#x442; &#x43A;&#x430;&#x436;&#x434;&#x44B;&#x439; &#x434;&#x435;&#x43D;&#x44C;</subfield>
    <subfield code="1">700#1$a&#x41F;&#x430;&#x440;&#x43E;&#x432;&#x441;&#x43A;&#x438;&#x439;$b&#x41C;.</subfield>
    <subfield code="t">&#x422;&#x430;&#x43A; &#x431;&#x44B;&#x432;&#x430;&#x435;&#x442; &#x43A;&#x430;&#x436;&#x434;&#x44B;&#x439; &#x434;&#x435;&#x43D;&#x44C;</subfield>
    <subfield code="a">&#x41F;&#x430;&#x440;&#x43E;&#x432;&#x441;&#x43A;&#x438;&#x439;, &#x41C;.</subfield>
  </datafield>
  <datafield tag="464" ind1=" " ind2="0">
    <subfield code="1">2001#$a&#x41A;&#x43E;&#x43B;&#x43E;&#x434;&#x435;&#x446;</subfield>
    <subfield code="1">700#1$a&#x41F;&#x430;&#x440;&#x43E;&#x432;&#x441;&#x43A;&#x438;&#x439;$b&#x41C;.</subfield>
    <subfield code="t">&#x41A;&#x43E;&#x43B;&#x43E;&#x434;&#x435;&#x446;</subfield>
    <subfield code="a">&#x41F;&#x430;&#x440;&#x43E;&#x432;&#x441;&#x43A;&#x438;&#x439;, &#x41C;.</subfield>
  </datafield>
  <datafield tag="702" ind1=" " ind2="1">
    <subfield code="a">&#x41A;&#x430;&#x448;&#x438;&#x440;&#x438;&#x43D;</subfield>
    <subfield code="b">&#x410;.&#x41D;.</subfield>
    <subfield code="4">730</subfield>
  </datafield>
  <datafield tag="801" ind1=" " ind2="0">
    <subfield code="a">RU</subfield>
    <subfield code="b">NLR</subfield>
    <subfield code="g">psbo</subfield>
  </datafield>
  <datafield tag="801" ind1=" " ind2="1">
    <subfield code="a">RU</subfield>
    <subfield code="b">ELAR</subfield>
    <subfield code="2">rusmarc</subfield>
  </datafield>
  <datafield tag="852" ind1=" " ind2=" ">
    <subfield code="a">NLR</subfield>
    <subfield code="j">91-3/1463</subfield>
  </datafield>
  <datafield tag="942" ind1=" " ind2=" ">
    <subfield code="c">BOOK</subfield>
  </datafield>
  <datafield tag="980" ind1=" " ind2=" ">
    <subfield code="a">NB</subfield>
  </datafield>
  <datafield tag="995" ind1=" " ind2=" ">
    <subfield code="5">2013-10-26</subfield>
    <subfield code="b">NLR01</subfield>
    <subfield code="c">NLR01</subfield>
    <subfield code="e">RF9</subfield>
    <subfield code="f">5524399-10</subfield>
    <subfield code="k">91-3/1463</subfield>
    <subfield code="o">0</subfield>
    <subfield code="r">BOOK</subfield>
    <subfield code="s">9131463_</subfield>
  </datafield>
</record>
